Statistics for Word Puzzles - Book Titles

Click here to take the quiz!

General Stats

  • This quiz has been taken 13,830 times
  • The average score is 30 of 45

Answer Stats

Clue Answer % Correct
Not yesNo
97%
What Santa saysHo
97%
Coffee alternativeTea
95%
Touch, taste, sight, etc...Sense
92%
Opens a lockKey
92%
Huckleberry's surnameFinn
91%
Barbie's mateKen
87%
Short for CassandraCassie
86%
FirearmsGuns
82%
Mafia leaderDon
81%
Noise made by a horseNeigh
79%
Singer OrbisonRoy
79%
Able toCan
75%
Common breakfast foodEgg
74%
Paul Simon: You can call me __Al
74%
Certain conjunctionAnd
73%
PenniesCents
72%
Stage productionPlay
72%
Young goatKid
72%
(Book title)Don Quixote
69%
Canis lupusWolf
68%
Domain name enderCom
67%
(Book title)Casino Royale
67%
Author FlemingIan
67%
(Book title)Sense and Sensibility
67%
Aptitude; skillfullnessAbility
67%
XY geneticallyMale
64%
Waves caused by a boatWake
62%
Contract showing property ownershipDeed
60%
GulfBay
56%
Midday repastLunch
55%
(Book title)Finnegans Wake
53%
Beer mugStein
53%
Charlemagne or one of his subjectsFrank
49%
DinNoise
49%
(Book title)Frankenstein
48%
(Book title)Naked Lunch
48%
Animal that is more equal than othersPig
47%
Contraction considered improperAin't
45%
To be in arrearsOwe
45%
HarborPort
44%
(Book title)Beowulf
40%
(Book title)Pygmalion
39%
(Book title)Candide
36%
(Book title)Portnoy's Complaint
19%

Score Distribution

Percentile by Number Answered

Percent of People with Each Score

Your Score History

You have not taken this quiz